000 00635nam a2200205Ii 4500
003 JO-AjNU
008 230605s9999||||xx |||||||||||||| ||und||
040 _aJO-AjNU
_bara
_erda
_cJO-AjNU
041 _aara
050 1 4 _aAC106.Q3722.2005
100 3 _aالقصيمي،عبد الله,
_eauthor
_97398
245 0 0 _aعاشق لعار التاريخ
250 _aط2
264 3 1 _aمؤسسة الانتشار العربي،2005
300 _a183ص
336 _atext
_btxt
_2rdacontent
337 _aunmediated
_bn
_2rdamedia
338 _avolume
_bnc
_2rdacarrier
650 4 _aمقالات عربية -القرن العشرون
_97399
999 _aA259
_c3827
_d3827